• 首页
  • 本馆介绍
  • 公告通知
  • 最新文献
  • 馆藏检索
  • 电子资源
  • 读者导购
  • 参考咨询
  • 我的图书馆
  • 登录
  • 详细信息显示
  • 放入我的书架
  • 预约/预借图书
  • 作者相关作品
  • 分类相关作品
  • 丛书相关作品
  • 出版社相关作品

书目信息

  • 表格格式
  • 工作单格式
  • 卡片格式
题名:
别让你的努力 输在不会表达上
    
 
作者: 宋犀堃 主编
分册:  
出版信息: 南昌   百花洲文艺出版社  2018
页数: 245页
开本: 21cm
丛书名:
单 册:
中图分类: C912.13-49
科图分类:
主题词: 人际关系--ren ji guan xi--语言艺术--通俗读物
电子资源:
ISBN: 978-7-5500-3076-3
000 01073nam0 2200253 450
001 012001002798
005 20131024100229.0
010    @a978-7-5500-3076-3@dCNY29.80
099    @aCAL 012019025723
100    @a20181205d2018 em y0chiy50 ea
101 0  @achi
102    @aCN@b360000
105    @ay z 000yy
106    @ar
200 1  @a别让你的努力 输在不会表达上@Abie rang ni de nu li shu zai bu hui biao da shang@f宋犀堃主编
210    @a南昌@c百花洲文艺出版社@d2018
215    @a245页@d21cm
330    @a本书是一本语言口才类图书, 针对很多人虽然具备很好的执行能力和敬业精神, 但由于不善于精准表达而陷入职场困境、家庭纠纷的现状, 通过情景案例和训练方法相结合的方式, 从表达时机、表达形式、表达技巧等方面阐述了职场生活、日常交际、家庭关系里沟通表达时的方法与技巧。
516 1  @a别让你的努力, 输在不会表达上@Abie rang ni de nu li , shu zai bu hui biao da shang
606 0  @a人际关系@Aren ji guan xi@x语言艺术@j通俗读物
690    @aC912.13-49@v5
701  0 @a宋犀堃@Asong xi kun@4主编
801  0 @aCN@b江苏凤凰@c20191020
905    @b1225410-3@dC912.13-49@e1664@f4
    
    别让你的努力 输在不会表达上/宋犀堃主编.-南昌:百花洲文艺出版社,2018
    245页;21cm
    
    
    ISBN 978-7-5500-3076-3:CNY29.80
    本书是一本语言口才类图书, 针对很多人虽然具备很好的执行能力和敬业精神, 但由于不善于精准表达而陷入职场困境、家庭纠纷的现状, 通过情景案例和训练方法相结合的方式, 从表达时机、表达形式、表达技巧等方面阐述了职场生活、日常交际、家庭关系里沟通表达时的方法与技巧。
●
相关链接 在E读中查询图书 在五车中查询图书 在当当中查询图书 在豆瓣中查询图书


正题名:别让你的努力 输在不会表达上     索取号:C912.13-49/1664         预约/预借

序号 登录号 条形码 馆藏地/架位号 状态 备注
1 1225410   212254102   第一样本阅览室/ [索取号:C912.13-49/1664] 在馆    
2 1225411   212254111   教育系资料室/ [索取号:C912.13-49/1664] 在馆    
3 1225412   212254120   教育系资料室/ [索取号:C912.13-49/1664] 在馆    
4 1225413   212254139   第一借阅区/ [索取号:C912.13-49/1664] 在馆    
唐山师范学院图书馆 欢迎您!
大连网信软件有限公司© 版权所有